000 00318nam a2200133Ia 4500
008 191206s9999 xx 000 0 und d
020 _a1779220022
090 _aMLCS00725
245 0 _astone virgins
260 _aWeaver Press
260 _cc2002
300 _a"viii, 165 p. : ill. ; 21 cm."
999 _c16965
_d16965